| 000 | nam a22 a 4500 | ||
|---|---|---|---|
| 999 |
_c1113 _d1113 |
||
| 003 | AKMAL | ||
| 005 | 20170508141025.0 | ||
| 008 | 170508s1988 my 00 may d | ||
| 020 |
_a9836100296 (kkt.): _cRM3.40 |
||
| 040 |
_aAKMAL _cAKMAL |
||
| 082 | 0 | 4 |
_a296.4 MAF _221 |
| 090 | 0 | 0 |
_a296.4 _bMAF |
| 100 | 0 |
_aMaftuh Ahnan _92313 |
|
| 245 | 1 | 0 |
_aBatas kebebasan pergaulan muda mudi Islam / _cMaftuh Ahnan |
| 260 |
_aKlang : _bKlang Book Centre, _c1988 |
||
| 300 | 0 | 0 |
_a80ms. ; _c21cm |
| 500 | _aMengandungi ayat-ayat dari Al-Quran | ||
| 650 | 0 |
_aWomen in Islam _91654 |
|
| 650 | 0 |
_aWomen and religion _92314 |
|
| 942 |
_2ddc _cBOOK |
||